Loading...
| Literature - World/Other | 0 | 3 | 0 | 0 | 30 | 75 | 115.33 | 1 | 1 | 0.00 | 0.00 |
| Literature - American | 0 | 3 | 0 | 0 | 30 | 88 | 99.33 | 0 | 0 | 0.00 | 0.00 |
| History - Other | 0 | 2 | 0 | 0 | 20 | 124 | 126.50 | 0 | 0 | 0.00 | 0.00 |
| History - World | 0 | 2 | 0 | 0 | 20 | 91 | 109.00 | 0 | 1 | 0.00 | 0.00 |
| Fine Arts - Visual | 0 | 2 | 0 | 1 | 20 | 106 | 125.00 | 0 | 0 | 0.00 | 0.00 |
| History - American | 0 | 2 | 0 | 0 | 20 | 99 | 101.50 | 0 | 0 | 0.00 | 0.00 |
| Philosophy | 0 | 2 | 0 | 1 | 20 | 118 | 119.50 | 0 | 0 | 0.00 | 0.00 |
| Literature - European | 0 | 1 | 0 | 0 | 10 | 129 | 129.00 | 0 | 0 | 0.00 | 0.00 |
| Geography/Current Events | 0 | 1 | 0 | 1 | 10 | 120 | 120.00 | 0 | 0 | 0.00 | 0.00 |
| Science - Other | 0 | 1 | 0 | 0 | 10 | 99 | 99.00 | 0 | 1 | 0.00 | 0.00 |
| Literature - British | 0 | 1 | 1 | 0 | 5 | 131 | 131.00 | 0 | 0 | 0.00 | 0.00 |
| History - European | 0 | 0 | 0 | 0 | 0 | 0.00 | 0 | 0 | 0.00 | 0.00 |